<?xml version="1.0" encoding="UTF-8"?>
<collection xmlns="http://www.loc.gov/MARC21/slim">
 <record>
  <leader>01640nam a2200277 a 4500</leader>
  <controlfield tag="001">1/53905</controlfield>
  <controlfield tag="008">211011s1991    gr       b    001 | gre d</controlfield>
  <datafield tag="020" ind1=" " ind2=" ">
   <subfield code="a">9607089014 </subfield>
  </datafield>
  <datafield tag="040" ind1=" " ind2=" ">
   <subfield code="a">GR-PeUP</subfield>
  </datafield>
  <datafield tag="082" ind1="0" ind2="0">
   <subfield code="a">920.0499088332 ΛΟΥ</subfield>
  </datafield>
  <datafield tag="100" ind1="1" ind2=" ">
   <subfield code="a">Λούκος, Χρήστος Κ., </subfield>
   <subfield code="d">1944-</subfield>
  </datafield>
  <datafield tag="245" ind1="0" ind2="0">
   <subfield code="a">Οικονομικές συμπεριφορές, ψυχολογία και βιοτικό επίπεδο ενός Συριανού τοκιστή :</subfield>
   <subfield code="b">Στέφανος Δ. Ρήγας /</subfield>
   <subfield code="c">Χρήστος Λούλκος, Δήμητρα Σαμίου.</subfield>
  </datafield>
  <datafield tag="260" ind1=" " ind2=" ">
   <subfield code="a">Αθήνα : </subfield>
   <subfield code="b">Εταιρεία Μελέτης Νέου Ελληνισμού - Μνήμων,</subfield>
   <subfield code="c">1991.</subfield>
  </datafield>
  <datafield tag="300" ind1=" " ind2=" ">
   <subfield code="a">235 σ. : </subfield>
   <subfield code="b">διαγρ., πιν., φωτ. ; </subfield>
   <subfield code="c">21 εκ.</subfield>
  </datafield>
  <datafield tag="490" ind1="1" ind2=" ">
   <subfield code="a">Θεωρία και μελέτες ιστορίας ;</subfield>
  </datafield>
  <datafield tag="504" ind1=" " ind2=" ">
   <subfield code="a">Περιλαμβάνει βιβλιογραφικές αναφορές και ευρετήριο.</subfield>
  </datafield>
  <datafield tag="600" ind1="1" ind2="0">
   <subfield code="a">Ρήγας,Στέφανος Δ., </subfield>
   <subfield code="d">θ. 1899.</subfield>
  </datafield>
  <datafield tag="650" ind1=" " ind2="0">
   <subfield code="a">Cost and standard of living</subfield>
   <subfield code="z">Greece </subfield>
   <subfield code="z">Syros Island.</subfield>
  </datafield>
  <datafield tag="650" ind1=" " ind2="0">
   <subfield code="a">Loans</subfield>
   <subfield code="z">Greece </subfield>
   <subfield code="z">Syros Island.</subfield>
  </datafield>
  <datafield tag="650" ind1=" " ind2="4">
   <subfield code="a">Τόκος και τοκογλυφία</subfield>
   <subfield code="z">Ελλάδα  </subfield>
   <subfield code="z">Κυκλάδες (Νομός) </subfield>
   <subfield code="z">Ερμούπολη </subfield>
   <subfield code="y">19ος αι.</subfield>
  </datafield>
  <datafield tag="651" ind1=" " ind2="0">
   <subfield code="a">Syros Island (Greece)</subfield>
   <subfield code="x">Economic conditions.</subfield>
  </datafield>
  <datafield tag="651" ind1=" " ind2="4">
   <subfield code="a">Σύρος (Κυκλάδες)</subfield>
   <subfield code="x">Οικονομικές συνθήκες.</subfield>
  </datafield>
  <datafield tag="651" ind1=" " ind2="4">
   <subfield code="a">Ερμούπολη (Σύρος)</subfield>
   <subfield code="x">Ιστορία.</subfield>
  </datafield>
  <datafield tag="830" ind1="0" ind2="0">
   <subfield code="a">Θεωρία και μελέτες ιστορίας ;</subfield>
   <subfield code="v">11</subfield>
  </datafield>
  <datafield tag="852" ind1=" " ind2=" ">
   <subfield code="a">INST</subfield>
   <subfield code="b">UNIPILB</subfield>
   <subfield code="c">MAIN</subfield>
   <subfield code="e">20211011</subfield>
   <subfield code="h">920.0499088332 ΛΟΥ</subfield>
   <subfield code="p">00186068</subfield>
   <subfield code="q">00186068</subfield>
   <subfield code="t">LOAN</subfield>
   <subfield code="y">0</subfield>
   <subfield code="4">1</subfield>
  </datafield>
  <datafield tag="960" ind1=" " ind2=" ">
   <subfield code="a">ΑΛΜΠΑΝΗ ΤΑΝΙΑ</subfield>
  </datafield>
 </record>
</collection>
